000 01426nam a2200349 a 4500
001 ebr10604248
003 CaPaEBR
006 m u
007 cr cn|||||||||
008 090311s2008 sz a sb 001 0 eng d
010 _z 2009285999
020 _z0878493778
020 _z9780878493777
020 _z9783038131823 (e-book)
040 _aCaPaEBR
_cCaPaEBR
035 _a(OCoLC)303541899
050 1 4 _aTA409
_b.P749 2008eb
082 0 4 _a620.1126
_222
245 0 0 _aProgress in fracture and damage mechanics
_h[electronic resource] :
_bspecial topic volume with invited papers only /
_cedited by B.G. Falzon and M.H. Aliabadi.
260 _aStafa-Zurich, Switzerland ;
_aEnfield, N.H. :
_bTrans Tech Publications,
_cc2008.
300 _av, 121 p. :
_bill.
440 0 _aKey engineering materials,
_x1013-9826 ;
_vv. 383
504 _aIncludes bibliographical references and indexes.
533 _aElectronic reproduction.
_bPalo Alto, Calif. :
_cebrary,
_d2011.
_nAvailable via World Wide Web.
_nAccess may be limited to ebrary affiliated libraries.
650 0 _aFracture mechanics.
650 0 _aContinuum damage mechanics.
655 7 _aElectronic books.
_2local
700 1 _aFalzon, B. G.
_q(Brian G.)
700 1 _aAliabadi, M. H.
710 2 _aebrary, Inc.
856 4 0 _uhttp://site.ebrary.com/lib/rucke/Doc?id=10604248
_zAn electronic book accessible through the World Wide Web; click to view
999 _c195837
_d195837